000 00368 a2200133 4500
005 20250620171940.0
020 _a0-07-828873-8
082 _aLM 621.3 PET
100 _aPETRUZELLA, F. D.
245 _aEssentials of Electricity for Apprenticeship
260 _aNew York,
_bMcGraw-Hill,
_c2003.
300 _a726p.: ill.; figures, table.
_bIndex.
_c27cm.
942 _2ddc
_cBKS
999 _c2799
_d2799